000 00868nam a2200265 i 4500
001 bg
111 2 _aSympozjum Naukowe Instytutu Matematyki i Informatyki SIMI 2000
_d(2000 ;
_cPoraj).
245 1 0 _aSympozjum Naukowe Instytutu Matematyki i Informatyki SIMI 2000, Poraj, 19-21.06.2000.
260 _aCzęstochowa :
_bWydaw. PC,
_c2000.
300 _a152 s. :
_bil. ;
_c24 cm.
490 1 _aKonferencje / Politechnika Częstochowska,
_x1234-9895 ;
_v37
500 _aTekst częśc. ang.
504 _aBibliogr. przy ref.
650 9 _aInformatyka
650 9 _aMatematyka
655 _aMateriały konferencyjne
830 0 _aKonferencje (Politechnika Częstochowska) ;
_v37
020 _a8371931042
040 _cBPK
041 0 _apoleng
080 _a51:004](061)
920 _a83-7193-104-2
942 _cKS
008 s pl f |000 0 pol
999 _c38369
_d38369
856 _uhttp://koha.tu.koszalin.pl/cgi-bin/koha/opac-detail.pl?biblionumber=38369
_yKatalog online BPK